[Event "Recco op-A 4th"]
[Site "Recco "]
[Date "2010.11.28"]
[Round "5"]
[White "Musso, Valerio"]
[Black "Milleri, Leonardo"]
[Result "1/2-1/2"]
[WhiteElo "2002"]
[BlackElo "1902"]
[PlyCount "119"]
[EventDate "2010.11.26"]
[EventType "swiss"]
[EventRounds "5"]
[EventCountry "ITA"]
[SourceTitle "EXT 2012"]
[Source "ChessBase"]
[SourceDate "2011.11.24"]
[SourceVersion "1"]
[SourceVersionDate "2011.11.24"]
[SourceQuality "1"]

1. c4 Nf6 2. Nc3 d5 3. cxd5 Nxd5 4. g3 g6 5. Bg2 Nb6 6. d3 Bg7 7. Nf3 Nc6 8. 0-0 0-0 9. a3 Bd7 10. Bd2 Qc8 11. Bh1 Re8 12. Rc1 a5 13. a4 Nb4 14. b3 N4d5 15. Nxd5 Nxd5 16. e4 Nb4 17. Bxb4 axb4 18. e5 Bc6 19. d4 Bd5 20. Qc2 Bh6 21. Nd2 Bxd2 22. Bxd5 Bxc1 23. Rxc1 c6 24. Bg2 Rd8 25. Qc5 Qg4 26. Qxb4 Rxd4 27. Qxb7 Rad8 28. Bxc6 Rd1+ 29. Rxd1 Rxd1+ 30. Kg2 Qe2 31. Bb5 Qxe5 32. Bc4 e6 33. Qa8+ Kg7 34. a5 Qc5 35. a6 Rd2 36. Qf3 Ra2 37. Qc3+ Kg8 38. Qf6 Rd2 39. Qf4 Rb2 40. Qf3 Ra2 41. h4 h5 42. Qf4 Qc6+ 43. Qf3 Qc5 44. Be2 Ra1 45. Qd3 Ra2 46. Qc4 Qb6 47. Qc8+ Kg7 48. Qb7 Qc5 49. Qf3 Qb6 50. Qc3+ Kg8 51. Qf3 Qc5 52. Qd3 Rb2 53. Qc4 Qe5 54. Qb5 Qd4 55. Qb8+ Kg7 56. Qb5 Qe4+ 57. Bf3 Qd4 58. Be2 Qe4+ 59. Bf3 Qd4 60. Be2 1/2-1/2

[Event "Recco op-A 4th"]
[Site "Recco "]
[Date "2010.11.27"]
[Round "3"]
[White "Almonti, Alessandro"]
[Black "Milleri, Leonardo"]
[Result "1-0"]
[WhiteElo "2033"]
[BlackElo "1902"]
[PlyCount "73"]
[EventDate "2010.11.26"]
[EventType "swiss"]
[EventRounds "5"]
[EventCountry "ITA"]
[SourceTitle "EXT 2012"]
[Source "ChessBase"]
[SourceDate "2011.11.24"]
[SourceVersion "1"]
[SourceVersionDate "2011.11.24"]
[SourceQuality "1"]

1. c4 Nf6 2. g3 d5 3. cxd5 Nxd5 4. Nf3 g6 5. Nc3 Nxc3 6. bxc3 Bg7 7. Bg2 0-0 8. Ng5 c6 9. 0-0 Na6 10. Qa4 Nc5 11. Qb4 Qb6 12. Qh4 h6 13. Nf3 g5 14. Nxg5 hxg5 15. Qxg5 Rd8 16. d4 Ne6 17. Qxe7 Qc7 18. Qh4 Nf8 19. Bg5 Re8 20. e4 Qd7 21. h3 Qe6 22. Be3 Qg6 23. Rab1 Rb8 24. d5 Bf6 25. Qf4 Be5 26. Qf3 cxd5 27. exd5 Bxc3 28. Bxa7 Ra8 29. Qxc3 Rxa7 30. Rb2 Bd7 31. Rd1 Qh5 32. Rd4 Bxh3 33. Bxh3 Qxh3 34. Rh4 Qxh4 35. gxh4 Ng6 36. h5 Nf4 37. Qg3+ 1-0